Důsledky vad právních jednání při rozvazování pracovněprávního poměru

Vymedzenie druhu a rozsahu nedostatkov právneho konania a odkaz na možné spôsoby podania nedostatkov právneho konania. Zameranie najmä na neplatnosť a ničotnosť právneho konania v pracovnom práve, najmä pri rozväzovaní pracovného pomeru.

Guardado en:
Detalles Bibliográficos
Autor principal: Kurz, Patrik
Formato: Capítulo de libro
Lenguaje:checo
Materias:
Etiquetas: Agregar Etiqueta
Sin Etiquetas, Sea el primero en etiquetar este registro!

MARC

LEADER 00000naa a2200000 4500
001 0248998
005 20181120095217.6
041 0 |a cze 
044 |a SK 
245 1 0 |a Důsledky vad právních jednání při rozvazování pracovněprávního poměru  |c Patrik Kurz 
520 |a Vymedzenie druhu a rozsahu nedostatkov právneho konania a odkaz na možné spôsoby podania nedostatkov právneho konania. Zameranie najmä na neplatnosť a ničotnosť právneho konania v pracovnom práve, najmä pri rozväzovaní pracovného pomeru. 
610 2 0 |a právo 
610 2 0 |a právo pracovné 
610 2 0 |a súdy 
610 2 0 |a súdy pracovné 
610 2 0 |a pomer pracovný 
610 2 0 |a výpoveď 
100 1 |a Kurz, Patrik